Blink-182 - Cheshire Cat Songs - Statistics

General Stats
  • This quiz has been taken 31 times
  • The average score is 12 of 16
Answer Stats
Listens Songs % Correct
42,299,726 Carousel
100%
33,335,707 M+M's
93%
5,112,156 Touchdown Boy
93%
3,572,621 Strings
86%
2,533,263 TV
86%
3,667,688 Does My Breath Smell?
79%
3,904,101 Fentoozler
79%
4,130,787 Peggy Sue
79%
3,935,878 Toast And Bananas
79%
2,975,494 Ben Wah Balls
71%
2,980,647 Cacophony
71%
3,561,224 Romeo And Rebecca
71%
6,147,884 Wasting Time
71%
1,834,577 Just About Done
64%
1,971,119 Depends
57%
3,021,785 Sometimes
57%
No matching quizzes found
Score Distribution
Percent of People with Each Score
Percentile by Number Answered
Your Score History
You have not taken this quiz